000 00783nam a2200277Ia 4500
003 OSt
005 20220912152041.0
006 a|||||r|||| 00| 0
007 ta
008 220909b |||||||| |||| 00| 0 eng d
024 _a60692
037 _cTextual
040 _aCSL
_beng
_cCSL
041 _aeng
082 _aC9B36p1,N60, K0
100 _aSudarshan E C G Ed.
111 _aInternationa confrence on high energy physics at rochester (1960 : Rochester)
245 0 _aProceedings on high energy physics at rochestered
260 _c1960
300 _ap.
_ccm.
650 _aPhysics
700 _a e A C
700 _a Tiniot J H Ed.
942 _hC9B36p1,N60, K0
_cTEXL
_2CC
999 _c79982
_d79982